[Event "NOR-chT Clubs"]
[Site "Drammen"]
[Date "2022.05.26"]
[Round "5"]
[White "Hausken, Andreas Skrede"]
[Black "Hagen, Anders Gjerdrum"]
[Result "1-0"]
[WhiteElo "2027"]
[BlackElo "2167"]
[PlyCount "63"]
[EventDate "2022.05.26"]
[EventType "team-swiss"]
[EventRounds "6"]
[EventCountry "NOR"]
[SourceTitle "EXT 2024"]
[Source "ChessBase"]
[SourceDate "2023.10.10"]
[SourceVersion "1"]
[SourceVersionDate "2023.10.10"]
[SourceQuality "1"]
[WhiteTeam "Aalesunds"]
[BlackTeam "Offerspill Washed up"]
[WhiteTeamCountry "NOR"]
[BlackTeamCountry "NOR"]

1. e4 c5 2. c3 Nf6 3. e5 Nd5 4. Nf3 e6 5. d4 cxd4 6. cxd4 d6 7. Bc4 Nc6 8. Qe2 Be7 9. 0-0 0-0 10. Rd1 Bd7 11. h4 Bxh4 12. Qe4 Be7 13. Qg4 f5 14. Qg3 Nb6 15. Bh6 Rf7 16. Bb3 d5 17. Nc3 Na5 18. Ne2 Rc8 19. Nf4 Nbc4 20. Bxc4 Nxc4 21. b3 Na5 22. Ng5 Bxg5 23. Bxg5 Qf8 24. Rd3 Nc6 25. Qh4 Ne7 26. Rh3 h6 27. Qh5 g6 28. Qh4 Rh7 29. Bxh6 Qf7 30. Qg5 Be8 31. Nh5 Rxh6 32. Nf6+ 1-0

[Event "EU-Cup 36th"]
[Site "Struga"]
[Date "2021.09.19"]
[Round "2.8"]
[White "Hagen, Anders Gjerdrum"]
[Black "Gotovusa, Goran"]
[Result "0-1"]
[WhiteElo "2179"]
[BlackElo "2161"]
[PlyCount "56"]
[EventDate "2021.09.18"]
[EventType "team-swiss"]
[EventRounds "7"]
[EventCountry "MKD"]
[SourceTitle "CBM 204 Extra"]
[Source "ChessBase"]
[SourceDate "2021.11.30"]
[SourceVersion "1"]
[SourceVersionDate "2021.11.30"]
[SourceQuality "1"]
[WhiteTeam "Offerspill"]
[BlackTeam "Prilep"]
[WhiteTeamCountry "NOR"]
[BlackTeamCountry "MKD"]

1. d4 Nf6 2. c4 e6 3. Nc3 d5 4. cxd5 exd5 5. Bg5 c6 6. e3 h6 7. Bh4 Be7 8. Bd3 0-0 9. Qc2 Re8 10. Nf3 Nbd7 11. 0-0 Ne4 12. Bxe7 Qxe7 13. Bxe4 dxe4 14. Nd2 Nf6 15. Rab1 Nd5 16. Nxd5 cxd5 17. Qb3 Be6 18. Rbc1 Rec8 19. Nb1 Qg5 20. Kh1 Bg4 21. Rxc8+ Rxc8 22. Nc3 b6 23. Qa4 Rc7 24. Qe8+ Kh7 25. Nb5 Bf3 26. gxf3 exf3 27. Rg1 Qxg1+ 28. Kxg1 Rc1# 0-1

[Event "NOR-chT 1718"]
[Site "Norway"]
[Date "2017.11.04"]
[Round "2.2"]
[White "Hagen, Anders Gjerdrum"]
[Black "Aulin Jansson, Joran"]
[Result "1/2-1/2"]
[WhiteElo "2219"]
[BlackElo "2270"]
[PlyCount "150"]
[EventDate "2017.11.03"]
[EventType "team-tourn"]
[EventRounds "9"]
[EventCountry "NOR"]
[SourceTitle "CBM 181 Extra"]
[Source "ChessBase"]
[SourceDate "2017.12.12"]
[SourceVersion "1"]
[SourceVersionDate "2017.12.12"]
[SourceQuality "1"]
[WhiteTeam "Oslo SK 1911"]
[BlackTeam "Asker"]
[WhiteTeamCountry "NOR"]
[BlackTeamCountry "NOR"]

1. d4 Nf6 2. c4 e6 3. Nc3 Bb4 4. e3 0-0 5. Bd3 d5 6. Nf3 c5 7. 0-0 cxd4 8. exd4 dxc4 9. Bxc4 b6 10. Bg5 Bb7 11. Rc1 Be7 12. Re1 Nc6 13. a3 Rc8 14. Ba2 Nd5 15. Bd2 Nf6 16. Bg5 h6 17. Bf4 Bd6 18. Bxd6 Qxd6 19. d5 exd5 20. Nxd5 Nxd5 21. Qxd5 Qf6 22. Qd7 Ne5 23. Nxe5 Rxc1 24. Rxc1 Qxe5 25. Qxb7 Qxb2 26. Re1 Qxa2 27. Qxa7 Qd2 28. Kf1 b5 29. Qe3 Qd6 30. g3 Ra8 31. Rb1 Qc6 32. Kg1 Re8 33. Qd3 Re4 34. h3 Rc4 35. Re1 g6 36. Kh2 Rc2 37. Qd4 Rc4 38. Qe5 Kh7 39. Qe3 Rc3 40. Qa7 Qd5 41. Re7 Kg7 42. Rd7 Qc4 43. Kg2 Rxa3 44. Rxf7+ Qxf7 45. Qxa3 Qb7+ 46. Kf1 b4 47. Qb2+ Kf7 48. Qb3+ Kf6 49. Qb2+ Kf7 50. Qb3+ Kg7 51. Ke2 Qe4+ 52. Kd2 Qd4+ 53. Ke2 Kf6 54. Qg8 Qb2+ 55. Ke3 Qc3+ 56. Ke4 Qc2+ 57. Ke3 Qc5+ 58. Ke4 Qc6+ 59. Kd4 Qb6+ 60. Kd5 Qb5+ 61. Kd4 Qe5+ 62. Kd3 Qc3+ 63. Ke4 Qe1+ 64. Kf3 Qf1 65. Ke3 Qb5 66. Kd4 b3 67. Qf8+ Ke6 68. Qg8+ Kd7 69. Qf7+ Kc8 70. Qg8+ Kc7 71. Qf7+ Kb6 72. Qxg6+ Ka5 73. Kc3 b2 74. Qb1 Qc5+ 75. Kxb2 Qxf2+ 1/2-1/2

[Event "Copenhagen Challenge"]
[Site "Ballerup"]
[Date "2016.04.23"]
[Round "7"]
[White "Olsen, Filip Boe"]
[Black "Hagen, Anders Gjerdrum"]
[Result "1-0"]
[WhiteElo "2176"]
[BlackElo "2262"]
[PlyCount "89"]
[EventDate "2016.04.20"]
[EventType "swiss"]
[EventRounds "9"]
[EventCountry "DEN"]
[SourceTitle "CBM 172 Extra"]
[Source "ChessBase"]
[SourceDate "2016.06.21"]
[SourceVersion "1"]
[SourceVersionDate "2016.06.21"]
[SourceQuality "1"]

1. d4 Nf6 2. Nf3 e6 3. Bf4 b6 4. e3 Bb7 5. Be2 Be7 6. h3 0-0 7. 0-0 d5 8. Nbd2 c5 9. c3 Nc6 10. Bh2 Bd6 11. Ne5 Bxe5 12. dxe5 Nd7 13. f4 Qc8 14. Nf3 Ba6 15. Bg3 Ne7 16. Bf2 Ng6 17. Qc2 Bxe2 18. Qxe2 c4 19. Nd4 Nc5 20. h4 Ne7 21. h5 Nf5 22. g4 Nxd4 23. exd4 Ne4 24. Bh4 f5 25. exf6 gxf6 26. f5 a5 27. Rf4 Qc7 28. Raf1 e5 29. Rxe4 dxe4 30. Bg3 Qc6 31. dxe5 fxe5 32. Bxe5 Rae8 33. Bd4 e3 34. f6 h6 35. Rf4 Qc7 36. Qc2 Qh7 37. Qg6+ Qxg6 38. hxg6 Rxf6 39. Rxf6 e2 40. Bf2 b5 41. Be1 b4 42. Kf2 bxc3 43. Bxc3 a4 44. Rf4 Re6 45. Rxc4 1-0

[Event "Copenhagen Challenge"]
[Site "Ballerup"]
[Date "2016.04.22"]
[Round "4"]
[White "Hagen, Anders Gjerdrum"]
[Black "Andersen, Soren Mikkel"]
[Result "1/2-1/2"]
[WhiteElo "2262"]
[BlackElo "2114"]
[PlyCount "67"]
[EventDate "2016.04.20"]
[EventType "swiss"]
[EventRounds "9"]
[EventCountry "DEN"]
[SourceTitle "CBM 172 Extra"]
[Source "ChessBase"]
[SourceDate "2016.06.21"]
[SourceVersion "1"]
[SourceVersionDate "2016.06.21"]
[SourceQuality "1"]

1. d4 d5 2. c4 c6 3. Nc3 Nf6 4. e3 e6 5. Nf3 Nbd7 6. Bd3 dxc4 7. Bxc4 b5 8. Bd3 a6 9. a4 b4 10. Ne4 Bb7 11. 0-0 c5 12. Nxf6+ Nxf6 13. Qe2 cxd4 14. exd4 Be7 15. Be3 0-0 16. Ne5 Nd5 17. Qh5 g6 18. Qh3 Bf6 19. Bh6 Bg7 20. Rad1 Qe7 21. Rfe1 Rfd8 22. Re4 Qf8 23. Bc1 Ne7 24. Rf4 Nf5 25. g4 Rxd4 26. gxf5 Bxe5 27. fxg6 hxg6 28. Rxd4 Bxd4 29. Bxg6 Bxf2+ 30. Kf1 fxg6 31. Qxe6+ Kh8 32. Qe5+ Kg8 33. Qe6+ Kh8 34. Qe5+ 1/2-1/2

[Event "Andorra op 32nd"]
[Site "La Massana"]
[Date "2014.07.25"]
[Round "7"]
[White "Almeida Quintana, Omar"]
[Black "Hagen, Anders Gjerdrum"]
[Result "1-0"]
[WhiteElo "2492"]
[BlackElo "2203"]
[PlyCount "67"]
[EventDate "2014.07.19"]
[EventType "swiss"]
[EventRounds "9"]
[EventCountry "AND"]
[SourceTitle "CBM 161 Extra"]
[Source "ChessBase"]
[SourceDate "2014.08.29"]
[SourceVersion "1"]
[SourceVersionDate "2014.08.29"]
[SourceQuality "1"]

1. d4 Nf6 2. c4 e6 3. Nf3 Bb4+ 4. Nbd2 0-0 5. a3 Be7 6. e3 b6 7. Bd3 Bb7 8. 0-0 d5 9. b3 Nbd7 10. Bb2 c5 11. Qe2 cxd4 12. exd4 Rc8 13. Rfe1 Qc7 14. Rac1 Qb8 15. Ne5 Rfe8 16. f4 Nf8 17. Rf1 a5 18. a4 Bb4 19. f5 exf5 20. Bxf5 Rc7 21. Ndf3 Bc8 22. Bb1 Bg4 23. Qf2 Bxf3 24. Qxf3 Ng6 25. cxd5 Rxc1 26. Rxc1 Qd8 27. Bxg6 hxg6 28. Rc6 Qxd5 29. Rxf6 Rxe5 30. Qxd5 Rxd5 31. Rxb6 Rf5 32. Bc1 Kf8 33. Rb7 Rf6 34. Rb8+ 1-0

[Event "Andorra op 32nd"]
[Site "La Massana"]
[Date "2014.07.23"]
[Round "5"]
[White "Alvarado Diaz, Alejandro"]
[Black "Hagen, Anders Gjerdrum"]
[Result "1/2-1/2"]
[WhiteElo "2354"]
[BlackElo "2203"]
[PlyCount "94"]
[EventDate "2014.07.19"]
[EventType "swiss"]
[EventRounds "9"]
[EventCountry "AND"]
[SourceTitle "CBM 161 Extra"]
[Source "ChessBase"]
[SourceDate "2014.08.29"]
[SourceVersion "1"]
[SourceVersionDate "2014.08.29"]
[SourceQuality "1"]

1. d4 Nf6 2. c4 e6 3. g3 d5 4. Nf3 Bb4+ 5. Bd2 Be7 6. Bg2 c6 7. Qc2 0-0 8. 0-0 b6 9. Rd1 Bb7 10. Bf4 Na6 11. Ne5 Nd7 12. Nd3 Bf6 13. Ne1 Qe7 14. e4 Rfd8 15. cxd5 cxd5 16. e5 Bg5 17. Bxg5 Qxg5 18. Bf1 Qe7 19. Nc3 Rdc8 20. Rac1 Nc7 21. Bd3 Nf8 22. Qe2 Ne8 23. f4 Rc7 24. Nf3 Rac8 25. Rf1 a6 26. Rf2 b5 27. Rcf1 b4 28. Nd1 Bc6 29. f5 exf5 30. Bxf5 Bb5 31. Bd3 Rc2 32. Qe3 Rxf2 33. Nxf2 Ne6 34. Bxb5 axb5 35. Rc1 Rxc1+ 36. Qxc1 Qa7 37. Qd2 Qxa2 38. Qxb4 N8c7 39. Nd1 Qb1 40. Qd2 h6 41. Kf2 Ng5 42. Nxg5 hxg5 43. Ke2 Qe4+ 44. Qe3 Qc2+ 45. Qd2 Qe4+ 46. Qe3 Qc2+ 47. Qd2 Qe4+ 1/2-1/2

[Event "NOR-chT 1314"]
[Site "Norway"]
[Date "2014.01.10"]
[Round "4.5"]
[White "Getz, Nicolai"]
[Black "Hagen, Anders Gjerdrum"]
[Result "1-0"]
[WhiteElo "2384"]
[BlackElo "2205"]
[PlyCount "51"]
[EventDate "2013.11.01"]
[EventType "team-tourn"]
[EventRounds "9"]
[EventCountry "NOR"]
[SourceTitle "EXT 2015"]
[Source "ChessBase"]
[SourceDate "2014.11.20"]
[SourceVersion "1"]
[SourceVersionDate "2014.11.20"]
[SourceQuality "1"]
[WhiteTeam "OSS"]
[BlackTeam "Moss"]
[WhiteTeamCountry "NOR"]
[BlackTeamCountry "NOR"]

1. e4 c5 2. d3 Nc6 3. f4 g6 4. Nf3 Bg7 5. Be2 d6 6. 0-0 Nf6 7. Qe1 Nd4 8. Nxd4 cxd4 9. Nd2 Qc7 10. Bd1 0-0 11. Qh4 d5 12. e5 Ne8 13. Nf3 f6 14. Re1 g5 15. Qg3 fxe5 16. fxe5 h6 17. Nxd4 Nd6 18. c3 Nf7 19. e6 Bxd4+ 20. cxd4 Nd6 21. Bxg5 hxg5 22. Qxg5+ Kh7 23. Re3 Bxe6 24. Qh5+ Kg7 25. Rg3+ Kf6 26. Qg6# 1-0

[Event "Politiken Cup 35th"]
[Site "Helsingor"]
[Date "2013.08.03"]
[Round "9"]
[White "Notkevich, Benjamin Arvola"]
[Black "Hagen, Anders Gjerdrum"]
[Result "1-0"]
[WhiteElo "2347"]
[BlackElo "2187"]
[PlyCount "63"]
[EventDate "2013.07.27"]
[EventType "swiss"]
[EventRounds "10"]
[EventCountry "DEN"]
[SourceTitle "CBM 155 Extra"]
[Source "ChessBase"]
[SourceDate "2013.08.26"]
[SourceVersion "1"]
[SourceVersionDate "2013.08.26"]
[SourceQuality "1"]

1. e4 e6 2. d4 d5 3. Nc3 Nf6 4. e5 Nfd7 5. f4 c5 6. Nf3 Nc6 7. Be3 a6 8. Qd2 b5 9. Be2 b4 10. Na4 Qa5 11. b3 cxd4 12. Nxd4 Nxd4 13. Qxd4 Bb7 14. f5 Qc7 15. fxe6 fxe6 16. Qg4 Qxe5 17. Bd4 Qe4 18. Qxe4 dxe4 19. Bh5+ Ke7 20. a3 bxa3 21. Rxa3 e5 22. Be3 Rc8 23. c3 Nf6 24. Be2 Kf7 25. b4 a5 26. Nb6 axb4 27. Ra7 Rb8 28. Ba6 Ng4 29. Nd7 Bd6 30. Nxb8 Rxb8 31. Bc1 bxc3 32. Rxb7+ 1-0

[Event "Politiken Cup 35th"]
[Site "Helsingor"]
[Date "2013.07.28"]
[Round "2"]
[White "Hagen, Anders Gjerdrum"]
[Black "Skjoldager, Flemming"]
[Result "1-0"]
[WhiteElo "2187"]
[BlackElo "1979"]
[PlyCount "51"]
[EventDate "2013.07.27"]
[EventType "swiss"]
[EventRounds "10"]
[EventCountry "DEN"]
[SourceTitle "CBM 155 Extra"]
[Source "ChessBase"]
[SourceDate "2013.08.26"]
[SourceVersion "1"]
[SourceVersionDate "2013.08.26"]
[SourceQuality "1"]

1. d4 d5 2. c4 c6 3. Nf3 e6 4. e3 Nf6 5. Bd3 Nbd7 6. 0-0 Bd6 7. Nbd2 0-0 8. e4 dxe4 9. Nxe4 Nxe4 10. Bxe4 f5 11. Bc2 e5 12. Bg5 Be7 13. Bxe7 Qxe7 14. Nxe5 Nxe5 15. Re1 Qb4 16. Rxe5 Qxb2 17. Rb1 Qa3 18. c5 Qa5 19. Rb3 Qd8 20. Rh3 g6 21. Bb3+ Kh8 22. Qe1 h5 23. Re7 Qxd4 24. Rd3 Qb2 25. Rc3 Rf6 26. h4 1-0

[Event "Hastings Masters op 88th"]
[Site "Hastings"]
[Date "2013.01.03"]
[Round "7"]
[White "Jaunooby, Ali Reza"]
[Black "Hagen, Anders Gjerdrum"]
[Result "1/2-1/2"]
[WhiteElo "2178"]
[BlackElo "2126"]
[PlyCount "118"]
[EventDate "2012.12.28"]
[EventType "swiss"]
[EventRounds "10"]
[EventCountry "ENG"]
[SourceTitle "CBM 152 Extra"]
[Source "ChessBase"]
[SourceDate "2013.02.25"]
[SourceVersion "1"]
[SourceVersionDate "2013.02.25"]
[SourceQuality "1"]

1. d4 d5 2. Nf3 Nf6 3. Bf4 c5 4. e3 Nc6 5. c3 Qb6 6. Qb3 c4 7. Qxb6 axb6 8. Nbd2 b5 9. a3 b4 10. cxb4 Nxb4 11. Rc1 Nc6 12. Ne5 Nxe5 13. Bxe5 b5 14. Be2 Bb7 15. 0-0 e6 16. Bf3 Be7 17. g4 0-0 18. Bf4 h6 19. Kg2 Rfc8 20. g5 hxg5 21. Bxg5 Kf8 22. h4 Ng8 23. Rh1 Bd6 24. h5 f6 25. h6 gxh6 26. Bxh6+ Nxh6 27. Rxh6 Kg7 28. Rh4 Rh8 29. Bh5 Rag8 30. f4 Rh6 31. Nf1 Kf8+ 32. Kf3 Rgh8 33. Ng3 Bc6 34. Rhh1 Bd7 35. Bg4 Rxh1 36. Rxh1 Rxh1 37. Nxh1 b4 38. axb4 Bxb4 39. Nf2 Bd2 40. e4 f5 41. exf5 exf5 42. Bh3 Bc1 43. Nd1 Ke7 44. Ne3 Bxb2 45. Nxd5+ Kd6 46. Ne3 Bxd4 47. Nxc4+ Ke7 48. Ne5 Bxe5 49. fxe5 Bc6+ 50. Kf4 Be4 51. Bf1 Bc2 52. Bc4 Bb1 53. Ba6 Bc2 54. Bc8 Bd3 55. Bxf5 Bc4 56. Ke4 Bb3 57. Kd4 Ba2 58. Bc2 Be6 59. Be4 Bh3 1/2-1/2

[Event "Hastings Masters op 88th"]
[Site "Hastings"]
[Date "2013.01.01"]
[Round "5"]
[White "Lenier, Jude"]
[Black "Hagen, Anders Gjerdrum"]
[Result "1/2-1/2"]
[WhiteElo "2069"]
[BlackElo "2126"]
[PlyCount "73"]
[EventDate "2012.12.28"]
[EventType "swiss"]
[EventRounds "10"]
[EventCountry "ENG"]
[SourceTitle "CBM 152 Extra"]
[Source "ChessBase"]
[SourceDate "2013.02.25"]
[SourceVersion "1"]
[SourceVersionDate "2013.02.25"]
[SourceQuality "1"]

1. e4 c5 2. Nf3 Nc6 3. d4 cxd4 4. Nxd4 Nf6 5. Nc3 d6 6. Bg5 e6 7. Qd2 a6 8. 0-0-0 Bd7 9. f3 h6 10. Be3 Qc7 11. g4 Ne5 12. h4 b5 13. Rg1 g6 14. g5 hxg5 15. hxg5 Nh5 16. f4 Nc4 17. Bxc4 Qxc4 18. b3 Qc7 19. f5 Rc8 20. Kb2 b4 21. Nce2 a5 22. c4 bxc3+ 23. Nxc3 Qb7 24. Qd3 a4 25. Ndb5 axb3 26. axb3 Rb8 27. Ba7 Bxb5 28. Nxb5 Nf4 29. Qxd6 Rh2+ 30. Ka1 Bxd6 31. Nxd6+ Kf8 32. Nxb7 Rxb7 33. Be3 Rxb3 34. Rd8+ Ke7 35. Bxf4 Rf2 36. Bc7 Ra3+ 37. Kb1 1/2-1/2

[Event "Hastings Masters op 88th"]
[Site "Hastings"]
[Date "2012.12.30"]
[Round "3"]
[White "Hagen, Anders Gjerdrum"]
[Black "Rudd, Jack"]
[Result "0-1"]
[WhiteElo "2126"]
[BlackElo "2288"]
[PlyCount "58"]
[EventDate "2012.12.28"]
[EventType "swiss"]
[EventRounds "10"]
[EventCountry "ENG"]
[SourceTitle "CBM 152 Extra"]
[Source "ChessBase"]
[SourceDate "2013.02.25"]
[SourceVersion "1"]
[SourceVersionDate "2013.02.25"]
[SourceQuality "1"]

1. d4 Nf6 2. c4 e6 3. Nc3 c5 4. d5 exd5 5. cxd5 d6 6. g3 g6 7. Bg2 Bg7 8. Nf3 0-0 9. 0-0 Re8 10. Nd2 a6 11. a4 Nbd7 12. h3 Nh5 13. Kh2 f5 14. a5 Ne5 15. f4 Nf7 16. e4 Nf6 17. Re1 fxe4 18. Ndxe4 Bf5 19. Bd2 b5 20. axb6 Qxb6 21. Na4 Qb5 22. Nxf6+ Bxf6 23. g4 Bd7 24. Bc3 Bxc3 25. bxc3 Rxe1 26. Qxe1 Qb3 27. f5 g5 28. Bf3 Bxa4 29. Bd1 Qb2+ 0-1

[Event "Politiken Cup 34th"]
[Site "Helsingor"]
[Date "2012.08.04"]
[Round "9"]
[White "Hagen, Anders Gjerdrum"]
[Black "Karlsson, Ulf"]
[Result "1-0"]
[WhiteElo "2130"]
[BlackElo "2012"]
[PlyCount "55"]
[EventDate "2012.07.28"]
[EventType "swiss"]
[EventRounds "10"]
[EventCountry "DEN"]
[SourceTitle "CBM 149 Extra"]
[Source "ChessBase"]
[SourceDate "2012.08.24"]
[SourceVersion "1"]
[SourceVersionDate "2012.08.24"]
[SourceQuality "1"]

1. d4 Nf6 2. c4 e5 3. dxe5 Ng4 4. Nf3 Bc5 5. e3 Nc6 6. a3 a5 7. Nc3 Ngxe5 8. Be2 Nxf3+ 9. Bxf3 Ne5 10. Be2 0-0 11. 0-0 Re8 12. Rb1 Bf8 13. f4 Nc6 14. Kh1 Bc5 15. Nd5 Ne7 16. Bd3 Nxd5 17. cxd5 d6 18. e4 Bd7 19. Bd2 Qh4 20. Bc3 c6 21. Qc2 cxd5 22. exd5 Re7 23. Rbe1 Be3 24. g3 Qh5 25. Be4 Rxe4 26. Qxe4 Re8 27. Qd3 Bf5 28. Rxe3 1-0

[Event "Politiken Cup 34th"]
[Site "Helsingor"]
[Date "2012.08.03"]
[Round "8"]
[White "Rudolf, Anna"]
[Black "Hagen, Anders Gjerdrum"]
[Result "1-0"]
[WhiteElo "2325"]
[BlackElo "2130"]
[PlyCount "73"]
[EventDate "2012.07.28"]
[EventType "swiss"]
[EventRounds "10"]
[EventCountry "DEN"]
[SourceTitle "CBM 149 Extra"]
[Source "ChessBase"]
[SourceDate "2012.08.24"]
[SourceVersion "1"]
[SourceVersionDate "2012.08.24"]
[SourceQuality "1"]

1. e4 c5 2. Nf3 Nc6 3. Bb5 Nf6 4. Bxc6 dxc6 5. d3 Qc7 6. h3 e5 7. Nbd2 Bd6 8. Nc4 Be6 9. b3 Nd7 10. Bb2 f6 11. Qd2 Nf8 12. Nh4 Ng6 13. Nf3 Rd8 14. Ne3 Qf7 15. h4 h5 16. g3 Bc7 17. Ba3 b6 18. Qe2 a5 19. Nd2 a4 20. 0-0 Qd7 21. Rfb1 Ne7 22. Bc1 Ra8 23. a3 axb3 24. Nxb3 Kf7 25. a4 g5 26. hxg5 fxg5 27. a5 Bxb3 28. Rxb3 b5 29. Rba3 Ra6 30. R3a2 Kg6 31. Nf1 Rha8 32. Qd2 Qg4 33. Nh2 Qh3 34. Qxg5+ Kf7 35. Nf3 Rg8 36. Be3 Ke8 37. Qh4 1-0

[Event "Politiken Cup 34th"]
[Site "Helsingor"]
[Date "2012.07.29"]
[Round "3"]
[White "Hagen, Anders Gjerdrum"]
[Black "Svanholm, Borge Waaktaar"]
[Result "1/2-1/2"]
[WhiteElo "2130"]
[BlackElo "1905"]
[PlyCount "44"]
[EventDate "2012.07.28"]
[EventType "swiss"]
[EventRounds "10"]
[EventCountry "DEN"]
[SourceTitle "CBM 149 Extra"]
[Source "ChessBase"]
[SourceDate "2012.08.24"]
[SourceVersion "1"]
[SourceVersionDate "2012.08.24"]
[SourceQuality "1"]

1. d4 Nf6 2. c4 g6 3. Nc3 Bg7 4. e4 d6 5. Be2 0-0 6. Nf3 e5 7. d5 a5 8. Bg5 h6 9. Bh4 g5 10. Bg3 Nh5 11. Nd2 Nf4 12. 0-0 Na6 13. a3 Bd7 14. b3 b6 15. Re1 f5 16. exf5 Bxf5 17. Nde4 Nc5 18. f3 Nxe4 19. fxe4 Bd7 20. Bg4 Qe7 21. Bxd7 Qxd7 22. Rf1 g4 1/2-1/2

[Event "Gibraltar Challengers-B 10th"]
[Site "Caleta"]
[Date "2012.01.30"]
[Round "3"]
[White "Hagen, Anders Gjerdrum"]
[Black "Zygouris, Hristos"]
[Result "1-0"]
[WhiteElo "2139"]
[BlackElo "2205"]
[PlyCount "77"]
[EventDate "2012.01.28"]
[EventType "swiss"]
[EventRounds "5"]
[EventCountry "GGB"]
[SourceTitle "CBM 146 Extra"]
[Source "ChessBase"]
[SourceDate "2012.02.29"]
[SourceVersion "1"]
[SourceVersionDate "2012.02.29"]
[SourceQuality "1"]

1. d4 d5 2. c4 e6 3. Nc3 Be7 4. cxd5 exd5 5. Bf4 c6 6. e3 Bf5 7. Nge2 Nd7 8. Ng3 Bg6 9. Be2 Ngf6 10. h4 h6 11. h5 Bh7 12. Bd3 0-0 13. Nf5 Ne4 14. Qg4 Bg5 15. Bxe4 dxe4 16. Bxg5 Qxg5 17. Nxh6+ gxh6 18. Qxd7 Qxg2 19. Rf1 Qf3 20. Qd6 Qxh5 21. Kd2 Rad8 22. Qf6 Bg6 23. Rg1 c5 24. Rg3 cxd4 25. exd4 Kh7 26. Nxe4 Qa5+ 27. Ke3 Rde8 28. f3 Qc7 29. Rh3 h5 30. Rah1 Kg8 31. Rxh5 Rxe4+ 32. fxe4 Bxh5 33. Qg5+ Bg6 34. Qh4 f6 35. Qh8+ Kf7 36. Rh7+ Ke6 37. d5+ Ke5 38. Re7+ Kd6 39. Qh2+ 1-0

[Event "Gibraltar Challengers-A 10th"]
[Site "Caleta"]
[Date "2012.01.24"]
[Round "2"]
[White "Chidi, Lovinia Sylvia"]
[Black "Hagen, Anders Gjerdrum"]
[Result "0-1"]
[WhiteElo "1821"]
[BlackElo "2139"]
[PlyCount "88"]
[EventDate "2012.01.23"]
[EventType "swiss"]
[EventRounds "5"]
[EventCountry "GGB"]
[SourceTitle "CBM 146 Extra"]
[Source "ChessBase"]
[SourceDate "2012.02.29"]
[SourceVersion "1"]
[SourceVersionDate "2012.02.29"]
[SourceQuality "1"]

1. e4 c5 2. Nf3 Nc6 3. d4 cxd4 4. Nxd4 Nf6 5. Nc3 d6 6. Be2 e6 7. Be3 a6 8. a4 Qc7 9. 0-0 Be7 10. f4 Na5 11. Qd3 Bd7 12. Bf3 Nc4 13. Bc1 Rc8 14. Kh1 0-0 15. b3 Na5 16. Bb2 Nc6 17. Nxc6 Bxc6 18. Rac1 Nd7 19. Ne2 Bf6 20. Bxf6 Nxf6 21. Nd4 Bd7 22. g4 Rfd8 23. g5 Ne8 24. c4 d5 25. e5 dxc4 26. Rxc4 Qb6 27. Rfc1 Rxc4 28. Rxc4 Bc6 29. Bxc6 bxc6 30. Qc3 g6 31. Kg2 Qb7 32. Kg3 Ng7 33. Rb4 Qa7 34. Qxc6 Nh5+ 35. Kf3 Rxd4 36. Rxd4 Qxd4 37. Qe4 Qd1+ 38. Ke3 Qxb3+ 39. Kd2 Kg7 40. Kc1 Qc3+ 41. Kb1 Qd2 42. Qb7 Nxf4 43. h4 Nd5 44. Qxa6 Nc3+ 0-1